| 000 | 01915nam0a2200373 4500 | ||
|---|---|---|---|
| 001 | RU\NLR\bibl\939736 | ||
| 005 | 20260405134354.0 | ||
| 010 |
_a5-89349-199-8 _bФлинта |
||
| 010 |
_a5-02-002780-4 _bНаука _91000 |
||
| 021 |
_aRU _b2006-15536 _9766 |
||
| 035 | _a(NLR Aleph) 000927921 | ||
| 090 |
_a141333 _c141333 |
||
| 100 | _a20060427d2006 |||y0rusy50 ca | ||
| 101 | 0 |
_arus _aeng |
|
| 102 | _aRU | ||
| 105 | _ay ||||||||| | ||
| 200 | 1 |
_aГлагол в тексте _e(по рассказам А. Чехова и А. Аверченко) _eпараллельные переводы [на англ. яз.]. Задания. Упражнения. Ключи _eучебное пособие для иностранных студентов, изучающих русский язык _fН.С. Новикова, О.М. Щербакова |
|
| 205 | _a3-е изд., испр. | ||
| 210 |
_aМосква _cФлинта _cНаука _d2006 |
||
| 215 |
_a220 c. _d21 |
||
| 225 | 1 | _aРусский язык как иностранный | |
| 606 | 0 |
_aРусский язык _jУчебные издания для иностранцев _xГлагол _91566991 _3RU\NLR\auth\66986020 |
|
| 610 | 0 | _aГлагол в русском языке | |
| 610 | 0 | _aРусский язык - Переводы на английский язык | |
| 610 | 0 | _aРусский язык для иностранцев | |
| 675 |
_a811.161.1-054.6(075.8) _v3 _zrus |
||
| 686 | _aШ141.12-93англ3-212.6 | ||
| 700 | 1 |
_4070 _7ca _8rus _aНовикова _bН. С. _cканд. филол. наук _gНаталья Степановна _911287 _3RU\NLR\auth\7728256 |
|
| 701 | 1 |
_4070 _7ca _8rus _aЩербакова _bО. М. _cканд. филол. наук _gОльга Маратовна _937825 _3RU\NLR\auth\7754893 |
|
| 801 | 0 |
_aRU _bNLR _c20040811 _gPSBO |
|
| 801 | 1 |
_aRU _bNLR _c20040811 |
|
| 942 | _cBOOK | ||
| 980 | _aNB | ||